000 00630nam a22001937a 4500
999 _c16684
_d16684
008 180306b xxu||||| |||| 00| 0 eng d
020 _a0781795389
040 _aKABU
_cKABU
050 _aRJ560
_b.Y34 2011 c. 1
100 _aYaffe, Sumner J.
245 _aNeonatal and pediatric pharmacology
_btherapeutic principles in practice
_cSumner J. Yaffe, Jacob V. Aranda
250 _a4th ed.
260 _aPhiladelphia
_bWolters Kluwer
_c2011
300 _axxiii, 1042 p.
650 _aPediatric pharmacology
650 _aChildren
_xDiseases
_xChemotherapy
700 _aAranda, jacob V.
942 _2lcc
_cBK
_e4th ed.
_hRJ560